Factors of increasing the enterprises efficiency and performance scientific monograph

Na minha lista:
Detalhes bibliográficos
Autor principal: Šúbertová, Elena
Outros Autores: Tóth, Miroslav, 1961-, Tóthová, Alena, 1968-, Režňáková, Mária, Špirková, Daniela
Formato: Livro
Idioma:inglês
Publicado em: Praha Wolters Kluwer 2017
Edição:1st ed.
Assuntos:
Tags: Adicionar Tag
Sem tags, seja o primeiro a adicionar uma tag!

MARC

LEADER 00000nam a2200000 4500
001 0237316
005 20240527073957.2
020 |a 978-80-7552-872-8 
041 0 |a eng 
044 |a CZ 
245 1 0 |a Factors of increasing the enterprises efficiency and performance  |b scientific monograph  |c Elena Šúbertová, Miroslav Tóth, Alena Tóthová ; reviewers: Mária Režňáková ... [et al.] 
250 |a 1st ed. 
264 1 |a Praha  |b Wolters Kluwer  |c 2017 
300 |a 195 s. [11,26 AH] 
610 2 0 |a efektívnosť 
610 2 0 |a podnik 
610 2 0 |a efektívnosť podnikania 
610 2 0 |a výkonnosť podniku 
610 2 0 |a podnik poľnohospodársky 
610 2 0 |a podnikanie 
610 2 0 |a produkcia 
610 2 0 |a výrobky poľnohospodárske 
610 2 0 |a spolupráca podnikov 
100 1 |a Šúbertová, Elena 
700 1 |a Tóth, Miroslav, 1961- 
700 1 |a Tóthová, Alena, 1968- 
700 1 |a Režňáková, Mária 
700 1 |a Špirková, Daniela